Places That Have Never Reached 100° F - Statistics

General Stats
  • This quiz has been taken 12,839 times
  • The average score is 13 of 20
Answer Stats
F C Hint Answer % Correct
65 °F 18.3 °C One of the continents Antarctica
97%
86 °F 30.1 °C World's largest island Greenland
84%
96 °F 35.6 °C Country known for its fjords Norway
84%
76 °F 24.4 °C British archipelago invaded by Argentina in 1982 Falkland Islands
78%
87 °F 30.5 °C Country with the lowest maximum temperature Iceland
73%
92 °F 33.3 °C Known as "The Emerald Isle" Ireland
72%
87 °F 30.3 °C Southernmost national capital Wellington
72%
95 °F 35.1 °C The richest country in the world per-capita Monaco
70%
98 °F 36.6 °C Largest metro area in the Himalayas Kathmandu
63%
95 °F 35.0 °C Southernmost U.S. state capital Honolulu
62%
99 °F 37.2 °C Second largest city in the state of New York Buffalo
59%
66 °F 19.4 °C Highest peak of Great Britain Ben Nevis
55%
90 °F 32.2 °C U.S. state capital with the lowest maximum temperature Juneau
54%
99 °F 37.0 °C City-state founded by Sir Stamford Raffles in 1819 Singapore
52%
92 °F 33.6 °C Where Russia's Pacific Fleet is based Vladivostok
52%
74 °F 23.4 °C Northernmost island chain of the United Kingdom Shetland
51%
95 °F 34.9 °C Canadian territory created in 1999 Nunavut
49%
97 °F 36.3 °C Largest city on the island of Hokkaido Sapporo
49%
86 °F 29.9 °C Capital city of the Incan Empire Cusco
46%
72 °F 22.2 °C New Hampshire mountain which has the record for the highest wind speed ever Mt. Washington
34%
No matching quizzes found
Score Distribution
Percent of People with Each Score
Percentile by Number Answered
Your Score History
You have not taken this quiz